00717 2200241 4500001002100000005001500021035002000036007000300056008004100059020002100100082001200121084001800133100002100151245014100172250001000313260003900323300002900362650002100391700001700412700002400429990001100453990001100464INLIS00000000000346820190521022803 a0010-0519000060ta190521 b 0 ind  a978979-055-528-0 a297. 73 a297. 73 SRI q0 aSRI, Al Hidayati1 aQur'anic Quetions & Answers: Ensiklopedia Al Qur'an :bEnsiklopedia Al Qur'an /cSri Al Hidayat; editor, Abdul Wahab, Safitri Lusiana D. acet.3 aBandung :bSygma Kaya Imaji,c2018 a28 hlm :bilus. ;c27 cm 4aISLAM.PENDIDIKAN0 aABDUL, Wahab0 aSAFITRI, Luciana D. a6545 a a6545 b